CORE PHYSICS FOR CLASS 12 (Record no. 5570)

MARC details
000 -LEADER
fixed length control field 00392nam a22001577a 4500
005 - DATE AND TIME OF LATEST TRANSACTION
control field 20170916113328.0
008 - FIXED-LENGTH DATA ELEMENTS--GENERAL INFORMATION
fixed length control field 170916b xxu||||| |||| 00| 0 eng d
020 ## - INTERNATIONAL STANDARD BOOK NUMBER
ISBN 978-93-5027-149-0
041 ## - LANGUAGE CODE
Language code of text/sound track or separate title eng
082 ## - DEWEY DECIMAL CLASSIFICATION NUMBER
Classification number 530
100 ## - MAIN ENTRY--AUTHOR NAME
Personal name MATHUR S.B. AND KUMAR, A.
245 ## - TITLE STATEMENT
Title CORE PHYSICS FOR CLASS 12
260 ## - PUBLICATION, DISTRIBUTION, ETC. (IMPRINT)
Place of publication NEW DELHI
Name of publisher BHARTI BHAWAN
300 ## - PHYSICAL DESCRIPTION
Number of Pages 8-120 APPENDIX19
942 ## - ADDED ENTRY ELEMENTS (KOHA)
Koha item type Books
Holdings
Lost status Damaged status Collection code Home library Current library Shelving location Date acquired Source of acquisition Cost, normal purchase price Full call number Accession Number Koha item type
    CS/IT JRU Library   SHELF-56-B 16/09/2017 PURCHESS 750.00 530 21926 Books
    CS/IT JRU Library JRU Library SHELF-56-B 16/09/2017 PURCHESS 750.00 530 21927 Books
    CS/IT JRU Library JRU Library SHELF-56-B 16/09/2017 PURCHESS 750.00 530 21928 Books